000 00529nam a2200181Ia 4500
008 230917s9999||||xx |||||||||||||| ||und||
020 _cRS 995.00
040 _e5012114
_aMAIN
041 _aEnglish
082 _a158.7 S39P(10)
100 _aSchultz, Duane P
245 0 _aPsychology and work today: An introduction to industrial and organizational psychology
250 _a10th ed.
260 _aOxon
_bRoutledge
_c2017
300 _axxv, 426 p.
500 _a4081 28/09/2021 HBD21/8856 28/09/2021 Main Budget
942 _cBK
999 _c2353
_d2353